Countries closest to Sakha republic - Statistics

General Stats
  • This quiz has been taken 34 times
  • The average score is 7 of 8
Answer Stats
km Country % Correct
275 China
100%
802 Mongolia
100%
1245 United States
100%
1337 Japan
94%
1804 Kazakhstan
94%
1414 North Korea
94%
1890 South Korea
94%
1837 Norway
50%
No matching quizzes found
Score Distribution
Percent of People with Each Score
Percentile by Number Answered
Your Score History
You have not taken this quiz